00436 2200169 4500001002100000005001500021008004100036035001900077041000700096082000800103090001400111100001400125245003800139260003500177300002000212650003400232INLIS00000000001490020241224114831241224||||||||| | ||| |||| || |  0010-1224014900 aid0 a551 a551 TIM b0 aKONPRENSI00aSERI DASAR ILMU PENGETAHUAN ALAM2 aJakartabMUTIARA JAKARTAc1978 a32hlm;14.7x21cm 0ailmu Pengetahuan Tentang Bumi